Normal view
MARC view
Entry Personal Name
001 - CONTROL NUMBER
- control field: 11201
003 - CONTROL NUMBER IDENTIFIER
- control field: OSt
005 - DATE AND TIME OF LATEST TRANSACTION
- control field: 20161014130951.0
008 - FIXED-LENGTH DATA ELEMENTS
- fixed length control field: 161014|| aca||aabn | a|a d
040 ## - CATALOGING SOURCE
- Original cataloging agency: OSt
- Transcribing agency: OSt
100 ## - HEADING--PERSONAL NAME
- Personal name: edited by] Vinay, Kumar; Abul K. Abbas; Nelson Fausto
670 ## - SOURCE DATA FOUND
- Source citation: Work cat.: (OSt)236: edited by] Vinay, Kumar; Abul K. Abbas; Nelson Fausto , Robbins and Cotran Pathologic Basis of Disease., c2005.
